000 00344nab a22001097u 4500
008 130520b1991 xxu||||| |||| 00| 0 spa d
041 _aspa
100 1 _aMcevenue, S.
_967516
245 0 0 _aUso y abuso de la Biblia en la liturgia y en la predicación
_cS. Mcevenue
773 0 _tConcilium
_gV.1,1991,págs.131-142
_x0210-1041
_wRev134
942 _cAR
999 _c355620
_d355620